Deklarasi Moskow 1957, (Record no. 71194)

MARC details
000 -LEADER
fixed length control field 00492cam a22001931 4500
001 - CONTROL NUMBER
control field sa 66007437
003 - CONTROL NUMBER IDENTIFIER
control field DLC
005 - DATE AND TIME OF LATEST TRANSACTION
control field 20260227112305.0
008 - FIXED-LENGTH DATA ELEMENTS--GENERAL INFORMATION
fixed length control field 880902s1965 io c 000 0 dut
010 ## - LIBRARY OF CONGRESS CONTROL NUMBER
LC control number sa 66007437
035 ## - SYSTEM CONTROL NUMBER
System control number (OCoLC)23431820
040 ## - CATALOGING SOURCE
Original cataloging agency DLC
Transcribing agency MiU
Modifying agency DLC
042 ## - AUTHENTICATION CODE
Authentication code premarc
050 00 - LIBRARY OF CONGRESS CALL NUMBER
Classification number HX518.R4
Item number D44
245 00 - TITLE STATEMENT
Title Deklarasi Moskow 1957,
260 ## - PUBLICATION, DISTRIBUTION, ETC.
Place of publication, distribution, etc. Djakarta,
Name of publisher, distributor, etc. Jajasan "Pembaruan,"
Date of publication, distribution, etc. 1965.
300 ## - PHYSICAL DESCRIPTION
Extent 76 p.
Other physical details port.
Dimensions 20 cm.
650 #0 - SUBJECT ADDED ENTRY--TOPICAL TERM
Topical term or geographic name entry element Communist revisionism

No items available.

Powered by Koha